[Event "Stay Safe Play From Home 391"]
[Site "Emanuel Lasker Arena"]
[Date "2020.08.18"]
[Round "6"]
[White "Mepe_Nika"]
[Black "NTBT_DHS"]
[Result "1-0"]
[WhiteElo "2395"]
[BlackElo "2546"]
[Annotator "RC"]
[PlyCount "129"]
[EventDate "2020.08.18"]
[EventType "swiss (blitz)"]

1. d4 {[%emt 0:00:01]} Nf6 {[%emt 0:00:01]} 2. Bf4 {[%emt 0:00:02]} g6 {[%emt 0:00:00]} 3. Nc3 {[%emt 0:00:01]} Bg7 {[%emt 0:00:00]} 4. e4 {[%emt 0:00:00]} O-O {[%emt 0:00:00]} 5. e5 {[%emt 0:00:01]} Ne8 {[%emt 0:00:01]} 6. Qd2 {[%emt 0:00:00]} d6 {[%emt 0:00:01]} 7. exd6 {[%emt 0:00:01]} Nxd6 {[%emt 0:00:01]} 8. Bh6 {[%emt 0:00:00]} Bxh6 {[%emt 0:00:02]} 9. Qxh6 {[%emt 0:00:00]} Nf5 {[%emt 0:00:00]} 10. Qd2 {[%emt 0:00:02]} Qxd4 {[%emt 0:00:01]} 11. O-O-O {[%emt 0:00:00]} Qxd2+ {[%emt 0:00:01]} 12. Rxd2 {[%emt 0:00:00]} c6 {[%emt 0:00:02]} 13. Nf3 {[%emt 0:00:00]} Be6 {[%emt 0:00:01]} 14. h4 {[%emt 0:00:00]} f6 {[%emt 0:00:02]} 15. h5 {[%emt 0:00:01]} g5 {[%emt 0:00:01]} 16. Bd3 {[%emt 0:00:01]} Na6 {[%emt 0:00:01]} 17. Re1 {[%emt 0:00:00]} Bc8 {[%emt 0:00:03]} 18. Bxf5 {[%emt 0:00:01]} Bxf5 {[%emt 0:00:01]} 19. Rxe7 {[%emt 0:00:00]} Rf7 {[%emt 0:00:01]} 20. Rxf7 {[%emt 0:00:02]} Kxf7 {[%emt 0:00:00]} 21. Nd4 {[%emt 0:00:01]} Bg4 {[%emt 0:00:02]} 22. Ne4 {[%emt 0:00:01]} Rd8 {[%emt 0:00:02]} 23. Ng3 {[%emt 0:00:03]} Nc5 {[%emt 0:00:02]} 24. f3 {[%emt 0:00:01]} Bc8 {[%emt 0:00:01]} 25. b4 {[%emt 0:00:01]} Na4 {[%emt 0:00:02]} 26. Ne4 {[%emt 0:00:01]} h6 {[%emt 0:00:03]} 27. c3 {[%emt 0:00:03]} f5 {[%emt 0:00:02]} 28. Nc5 {[%emt 0:00:03]} Nxc3 {[%emt 0:00:01]} 29. Kc2 {[%emt 0:00:01]} Nd5 {[%emt 0:00:01]} 30. a3 {[%emt 0:00:01]} Ne3+ {[%emt 0:00:02]} 31. Kc3 {[%emt 0:00:01]} f4 {[%emt 0:00:00]} 32. Ne4 {[%emt 0:00:02]} Nd5+ {[%emt 0:00:01]} 33. Kb3 {[%emt 0:00:01]} Nf6 {[%emt 0:00:01]} 34. Nxf6 {[%emt 0:00:01]} Kxf6 {[%emt 0:00:00]} 35. Kc3 {[%emt 0:00:00]} Bf5 {[%emt 0:00:02]} 36. Re2 {[%emt 0:00:01]} Rd6 {[%emt 0:00:01]} 37. Nxf5 {[%emt 0:00:01]} Kxf5 {[%emt 0:00:01]} 38. Re7 {[%emt 0:00:00]} Re6 {[%emt 0:00:01]} 39. Rxb7 {[%emt 0:00:01]} Re2 {[%emt 0:00:01]} 40. Rxa7 {[%emt 0:00:02]} Rxg2 {[%emt 0:00:01]} 41. Ra5+ {[%emt 0:00:01]} Ke6 {[%emt 0:00:01]} 42. Rc5 {[%emt 0:00:00]} Kd7 {[%emt 0:00:00]} 43. Kd4 {[%emt 0:00:01]} Rg3 {[%emt 0:00:00]} 44. Ke4 {[%emt 0:00:01]} Rh3 {[%emt 0:00:00]} 45. a4 {[%emt 0:00:01]} Rxh5 {[%emt 0:00:00]} 46. a5 {[%emt 0:00:00]} Rh1 {[%emt 0:00:00]} 47. b5 {[%emt 0:00:03]} Re1+ {[%emt 0:00:00]} 48. Kf5 {[%emt 0:00:01]} cxb5 {[%emt 0:00:00]} 49. Rxb5 {[%emt 0:00:00]} Ra1 {[%emt 0:00:00]} 50. Kg6 {[%emt 0:00:01]} Kc7 {[%emt 0:00:01]} 51. Kxh6 {[%emt 0:00:01]} g4 {[%emt 0:00:00]} 52. fxg4 {[%emt 0:00:01]} f3 {[%emt 0:00:00]} 53. Rf5 {[%emt 0:00:00]} Ra3 {[%emt 0:00:01]} 54. g5 {[%emt 0:00:01]} Kd6 {[%emt 0:00:00]} 55. g6 {[%emt 0:00:00]} Ke6 {[%emt 0:00:00]} 56. Rf8 {[%emt 0:00:01]} Ke5 {[%emt 0:00:05]} 57. g7 {[%emt 0:00:01]} f2 {[%emt 0:00:00]} 58. Rxf2 {[%emt 0:00:01]} Rh3+ {[%emt 0:00:00]} 59. Kg6 {[%emt 0:00:00]} Rg3+ {[%emt 0:00:00]} 60. Kf7 {[%emt 0:00:01]} Kd6 {[%emt 0:00:00]} 61. g8=Q {[%emt 0:00:00]} Ra3 {[%emt 0:00:00]} 62. Qf8+ {[%emt 0:00:00]} Kc7 {[%emt 0:00:00]} 63. Qxa3 {[%emt 0:00:00]} Kb7 {[%emt 0:00:00]} 64. Qb3+ {[%emt 0:00:00]} Ka6 {[%emt 0:00:00]} 65. Qb6# {[%emt 0:00:01] (Lag: Av=0.84s, max=1.9s) (Lag: Av=0.84s, max=1.9s) (Lag: Av=0.84s, max=1.9s)} 1-0

[Event "Stay Safe Play From Home 391"]
[Site "Emanuel Lasker Arena"]
[Date "2020.08.18"]
[Round "6"]
[White "AChessPlayer"]
[Black "Stefanone"]
[Result "1-0"]
[WhiteElo "2372"]
[BlackElo "1972"]
[PlyCount "51"]
[EventDate "2020.08.18"]
[EventType "swiss (blitz)"]

1. Nf3 {[%emt 0:00:01]} d6 {[%emt 0:00:01]} 2. g3 {[%emt 0:00:00]} f5 {[%emt 0:00:00]} 3. Bg2 {[%emt 0:00:00]} Nf6 {[%emt 0:00:00]} 4. O-O {[%emt 0:00:00]} g6 {[%emt 0:00:01]} 5. d4 {[%emt 0:00:00]} Bg7 {[%emt 0:00:01]} 6. Nc3 {[%emt 0:00:01]} O-O {[%emt 0:00:00]} 7. a4 {[%emt 0:00:03]} Qe8 {[%emt 0:00:01]} 8. a5 {[%emt 0:00:00]} a6 {[%emt 0:00:01]} 9. e4 {[%emt 0:00:04]} c6 {[%emt 0:00:00]} 10. e5 {[%emt 0:00:01]} dxe5 {[%emt 0:00:01]} 11. dxe5 {[%emt 0:00:00]} Nd5 {[%emt 0:00:00]} 12. Nxd5 {[%emt 0:00:01]} cxd5 {[%emt 0:00:00]} 13. Qxd5+ {[%emt 0:00:01]} e6 {[%emt 0:00:00]} 14. Qb3 {[%emt 0:00:01]} Nc6 {[%emt 0:00:00]} 15. Re1 {[%emt 0:00:01]} Qd8 {[%emt 0:00:02]} 16. Bg5 {[%emt 0:00:01]} Qc7 {[%emt 0:00:01]} 17. Qc3 {[%emt 0:00:02]} Bd7 {[%emt 0:00:02]} 18. Bf6 {[%emt 0:00:01]} Rac8 {[%emt 0:00:01]} 19. Bxg7 {[%emt 0:00:01]} Kxg7 {[%emt 0:00:01]} 20. Red1 {[%emt 0:00:01]} Rfd8 {[%emt 0:00:02]} 21. Rd6 {[%emt 0:00:01]} Ne7 {[%emt 0:00:03]} 22. Qxc7 {[%emt 0:00:02]} Rxc7 {[%emt 0:00:00]} 23. Rad1 {[%emt 0:00:01]} Nd5 {[%emt 0:00:01]} 24. R1xd5 {[%emt 0:00:03]} exd5 {[%emt 0:00:01]} 25. e6 {[%emt 0:00:00]} Bc6 {[%emt 0:00:02]} 26. Rxd8 {[%emt 0:00:01] Stefanone abbandona Stefanone abbandona Stefanone abbandona (Lag: Av=0.31s, max=0.4s) (Lag: Av=0.31s, max=0.4s) (Lag: Av=0.31s, max=0.4s)} 1-0

[Event "Stay Safe Play From Home 391"]
[Site "Emanuel Lasker Arena"]
[Date "2020.08.18"]
[Round "6"]
[White "Lamborghini"]
[Black "IceQueen"]
[Result "1-0"]
[WhiteElo "2319"]
[BlackElo "2343"]
[PlyCount "53"]
[EventDate "2020.08.18"]
[EventType "swiss (blitz)"]

1. e4 {[%emt 0:00:02]} d6 {[%emt 0:00:00]} 2. d4 {[%emt 0:00:01]} Nf6 {[%emt 0:00:00]} 3. Nc3 {[%emt 0:00:00]} g6 {[%emt 0:00:00]} 4. Be3 {[%emt 0:00:01]} c6 {[%emt 0:00:00]} 5. f3 {[%emt 0:00:02]} b5 {[%emt 0:00:01]} 6. Qd2 {[%emt 0:00:00]} Nbd7 {[%emt 0:00:01]} 7. O-O-O {[%emt 0:00:01]} Nb6 {[%emt 0:00:01]} 8. e5 {[%emt 0:00:02]} Nfd5 {[%emt 0:00:01]} 9. Nxd5 {[%emt 0:00:01]} Nxd5 {[%emt 0:00:00]} 10. exd6 {[%emt 0:00:01]} Qxd6 {[%emt 0:00:00]} 11. Bg5 {[%emt 0:00:02]} h6 {[%emt 0:00:01]} 12. Bh4 {[%emt 0:00:01]} Bg7 {[%emt 0:00:00]} 13. Bg3 {[%emt 0:00:02]} Qb4 {[%emt 0:00:02]} 14. Qxb4 {[%emt 0:00:01]} Nxb4 {[%emt 0:00:00]} 15. c3 {[%emt 0:00:01]} Nd5 {[%emt 0:00:04]} 16. Bd3 {[%emt 0:00:01]} O-O {[%emt 0:00:01]} 17. Ne2 {[%emt 0:00:01]} a5 {[%emt 0:00:01]} 18. Nf4 {[%emt 0:00:02]} Nb6 {[%emt 0:00:03]} 19. Rhe1 {[%emt 0:00:02]} e6 {[%emt 0:00:01]} 20. Be4 {[%emt 0:00:01]} Bd7 {[%emt 0:00:02]} 21. Nd3 {[%emt 0:00:01]} Rfc8 {[%emt 0:00:02]} 22. Nc5 {[%emt 0:00:01]} Be8 {[%emt 0:00:00]} 23. h4 {[%emt 0:00:02]} Na4 {[%emt 0:00:01]} 24. Nxa4 {[%emt 0:00:02]} bxa4 {[%emt 0:00:00]} 25. a3 {[%emt 0:00:00]} c5 {[%emt 0:00:01]} 26. dxc5 {[%emt 0:00:01]} Rxc5 {[%emt 0:00:00]} 27. Bxa8 {[%emt 0:00:02] IceQueen resigns IceQueen resigns IceQueen resigns (Lag: Av=0.41s, max=0.7s) (Lag: Av=0.41s, max=0.7s) (Lag: Av=0.41s, max=0.7s)} 1-0

[Event "Stay Safe Play From Home 391"]
[Site "Emanuel Lasker Arena"]
[Date "2020.08.18"]
[Round "6"]
[White "MihailoVujic"]
[Black "Kohalung"]
[Result "1-0"]
[WhiteElo "2122"]
[BlackElo "1620"]
[PlyCount "25"]
[EventDate "2020.08.18"]
[EventType "swiss (blitz)"]

1. e4 {[%emt 0:00:01]} d6 {[%emt 0:00:04]} 2. d4 {[%emt 0:00:01]} Nf6 {[%emt 0:00:03]} 3. Nc3 {[%emt 0:00:00]} g6 {[%emt 0:00:03]} 4. Bg5 {[%emt 0:00:01]} c6 {[%emt 0:00:03]} 5. Nf3 {[%emt 0:00:01]} Bg7 {[%emt 0:00:03]} 6. Bd3 {[%emt 0:00:02]} Qb6 {[%emt 0:00:07]} 7. Qd2 {[%emt 0:00:03]} Qxb2 {[%emt 0:00:06]} 8. Rb1 {[%emt 0:00:02]} Qa3 {[%emt 0:00:05]} 9. e5 {[%emt 0:00:02]} dxe5 {[%emt 0:00:08]} 10. dxe5 {[%emt 0:00:02]} Ng4 {[%emt 0:00:10]} 11. O-O {[%emt 0:00:03]} Nxe5 {[%emt 0:00:04]} 12. Nxe5 {[%emt 0:00:01]} Bxe5 {[%emt 0:00:03]} 13. Rfe1 {[%emt 0:00:03] Time Time Time (Lag: Av=1.14s, max=1.4s) (Lag: Av=1.14s, max=1.4s) (Lag: Av=1.14s, max=1.4s)} 1-0

[Event "Stay Safe Play From Home 391"]
[Site "Emanuel Lasker Arena"]
[Date "2020.08.18"]
[Round "6"]
[White "Fischer_11"]
[Black "Tran Minh Thang"]
[Result "0-1"]
[WhiteElo "2037"]
[BlackElo "2444"]
[Annotator "NA"]
[PlyCount "104"]
[EventDate "2020.08.18"]
[EventType "swiss (blitz)"]

1. e4 {[%emt 0:00:01]} c5 {[%emt 0:00:01]} 2. c3 {[%emt 0:00:01]} e6 {[%emt 0:00:01]} 3. d4 {[%emt 0:00:01]} d5 {[%emt 0:00:00]} 4. exd5 {[%emt 0:00:01]} Qxd5 {[%emt 0:00:00]} 5. Na3 {[%emt 0:00:02]} Nc6 {[%emt 0:00:01]} 6. Nb5 {[%emt 0:00:01]} Bd6 {[%emt 0:00:06]} 7. dxc5 {[%emt 0:00:05]} Qxd1+ {[%emt 0:00:02]} 8. Kxd1 {[%emt 0:00:00]} Bb8 {[%emt 0:00:01]} 9. Nf3 {[%emt 0:00:03]} a6 {[%emt 0:00:01]} 10. Nbd4 {[%emt 0:00:01]} Nxd4 {[%emt 0:00:04]} 11. cxd4 {[%emt 0:00:00]} Nf6 {[%emt 0:00:00]} 12. Bc4 {[%emt 0:00:02]} Bd7 {[%emt 0:00:00]} 13. Be3 {[%emt 0:00:01]} Bc6 {[%emt 0:00:00]} 14. Ke2 {[%emt 0:00:04]} Nd5 {[%emt 0:00:00]} 15. Ne5 {[%emt 0:00:03]} Bxe5 {[%emt 0:00:02]} 16. dxe5 {[%emt 0:00:00]} Nxe3 {[%emt 0:00:00]} 17. Kxe3 {[%emt 0:00:02]} Ke7 {[%emt 0:00:02]} 18. f3 {[%emt 0:00:02]} f6 {[%emt 0:00:01]} 19. exf6+ {[%emt 0:00:02]} gxf6 {[%emt 0:00:00]} 20. Rhd1 {[%emt 0:00:01]} Rhg8 {[%emt 0:00:00]} 21. g3 {[%emt 0:00:01]} a5 {[%emt 0:00:01]} 22. b3 {[%emt 0:00:05]} Rg5 {[%emt 0:00:01]} 23. Kd4 {[%emt 0:00:05]} Rd8+ {[%emt 0:00:02]} 24. Kc3 {[%emt 0:00:01]} Rxd1 {[%emt 0:00:01]} 25. Rxd1 {[%emt 0:00:00]} Rxc5 {[%emt 0:00:00]} 26. a3 {[%emt 0:00:01]} Bxf3 {[%emt 0:00:01]} 27. Rf1 {[%emt 0:00:02]} Bd5 {[%emt 0:00:01]} 28. Re1 {[%emt 0:00:02]} Bxc4 {[%emt 0:00:00]} 29. bxc4 {[%emt 0:00:00]} b5 {[%emt 0:00:00]} 30. Kd4 {[%emt 0:00:02]} Rxc4+ {[%emt 0:00:00]} 31. Kd3 {[%emt 0:00:00]} e5 {[%emt 0:00:00]} 32. h4 {[%emt 0:00:00]} Kd6 {[%emt 0:00:01]} 33. a4 {[%emt 0:00:00]} Rxa4 {[%emt 0:00:01]} 34. Rf1 {[%emt 0:00:00]} Rd4+ {[%emt 0:00:00]} 35. Ke3 {[%emt 0:00:01]} Ke6 {[%emt 0:00:00]} 36. Rb1 {[%emt 0:00:01]} Rd5 {[%emt 0:00:00]} 37. Ra1 {[%emt 0:00:00]} a4 {[%emt 0:00:00]} 38. Ke4 {[%emt 0:00:00]} f5+ {[%emt 0:00:00]} 39. Ke3 {[%emt 0:00:00]} Rd4 {[%emt 0:00:00]} 40. Rb1 {[%emt 0:00:00]} b4 {[%emt 0:00:00]} 41. Kf3 {[%emt 0:00:00]} a3 {[%emt 0:00:00]} 42. Ke3 {[%emt 0:00:00]} a2 {[%emt 0:00:01]} 43. Rc1 {[%emt 0:00:00]} b3 {[%emt 0:00:00]} 44. Rc6+ {[%emt 0:00:01]} Rd6 {[%emt 0:00:00]} 45. Ra6 {[%emt 0:00:00]} Rxa6 {[%emt 0:00:02]} 46. g4 {[%emt 0:00:00]} f4+ {[%emt 0:00:01]} 47. Ke4 {[%emt 0:00:01]} b2 {[%emt 0:00:00]} 48. g5 {[%emt 0:00:00]} b1=Q+ {[%emt 0:00:00]} 49. Kf3 {[%emt 0:00:01]} Ra3+ {[%emt 0:00:00]} 50. Kg4 {[%emt 0:00:00]} Qf5+ {[%emt 0:00:00]} 51. Kh5 {[%emt 0:00:00]} Qg6+ {[%emt 0:00:00]} 52. Kg4 {[%emt 0:00:01]} Rg3# {[%emt 0:00:00] (Lag: Av=0.63s, max=1.0s) (Lag: Av=0.63s, max=1.0s) (Lag: Av=0.63s, max=1.0s)} 0-1

[Event "Stay Safe Play From Home 391"]
[Site "Emanuel Lasker Arena"]
[Date "2020.08.18"]
[Round "6"]
[White "Fat Kevin"]
[Black "Myopix"]
[Result "0-1"]
[WhiteElo "1954"]
[BlackElo "1716"]
[PlyCount "86"]
[EventDate "2020.08.18"]
[EventType "swiss (blitz)"]

1. d4 {[%emt 0:00:02]} Nf6 {[%emt 0:00:01]} 2. c4 {[%emt 0:00:00]} g6 {[%emt 0:00:01]} 3. Nc3 {[%emt 0:00:00]} d5 {[%emt 0:00:01]} 4. Nf3 {[%emt 0:00:00]} Bg7 {[%emt 0:00:02]} 5. e3 {[%emt 0:00:00]} O-O {[%emt 0:00:01]} 6. cxd5 {[%emt 0:00:00]} Nxd5 {[%emt 0:00:02]} 7. Bc4 {[%emt 0:00:00]} c6 {[%emt 0:00:01]} 8. O-O {[%emt 0:00:01]} Na6 {[%emt 0:00:03]} 9. Bd2 {[%emt 0:00:01]} Bf5 {[%emt 0:00:03]} 10. Re1 {[%emt 0:00:04]} Nf6 {[%emt 0:00:04]} 11. Ng5 {[%emt 0:00:02]} Nc7 {[%emt 0:00:02]} 12. e4 {[%emt 0:00:01]} Bg4 {[%emt 0:00:02]} 13. f3 {[%emt 0:00:01]} Qxd4+ {[%emt 0:00:02]} 14. Be3 {[%emt 0:00:03]} Qxc4 {[%emt 0:00:02]} 15. fxg4 {[%emt 0:00:02]} Rad8 {[%emt 0:00:01]} 16. Qf3 {[%emt 0:00:03]} h6 {[%emt 0:00:01]} 17. e5 {[%emt 0:00:02]} Nxg4 {[%emt 0:00:01]} 18. Nge4 {[%emt 0:00:03]} Nxe3 {[%emt 0:00:01]} 19. Qxe3 {[%emt 0:00:02]} Bxe5 {[%emt 0:00:01]} 20. Qxh6 {[%emt 0:00:02]} Qd4+ {[%emt 0:00:02]} 21. Kh1 {[%emt 0:00:01]} Ne6 {[%emt 0:00:02]} 22. Rf1 {[%emt 0:00:02]} b6 {[%emt 0:00:02]} 23. Rf3 {[%emt 0:00:01]} b5 {[%emt 0:00:02]} 24. Rh3 {[%emt 0:00:01]} Rfe8 {[%emt 0:00:01]} 25. Qh7+ {[%emt 0:00:01]} Kf8 {[%emt 0:00:01]} 26. Rf1 {[%emt 0:00:01]} Bf4 {[%emt 0:00:01]} 27. Ne2 {[%emt 0:00:05]} Ng5 {[%emt 0:00:01]} 28. Nxd4 {[%emt 0:00:04]} Nxh7 {[%emt 0:00:01]} 29. Rxh7 {[%emt 0:00:00]} Rxd4 {[%emt 0:00:01]} 30. h3 {[%emt 0:00:01]} e5 {[%emt 0:00:01]} 31. Nf6 {[%emt 0:00:02]} Red8 {[%emt 0:00:01]} 32. Rh8+ {[%emt 0:00:01]} Kg7 {[%emt 0:00:01]} 33. Rxd8 {[%emt 0:00:00]} Rxd8 {[%emt 0:00:01]} 34. Ng4 {[%emt 0:00:00]} f5 {[%emt 0:00:02]} 35. Nf2 {[%emt 0:00:01]} e4 {[%emt 0:00:01]} 36. Nd1 {[%emt 0:00:01]} Bg3 {[%emt 0:00:01]} 37. Nc3 {[%emt 0:00:01]} Rd3 {[%emt 0:00:01]} 38. Ne2 {[%emt 0:00:01]} Bh4 {[%emt 0:00:01]} 39. g3 {[%emt 0:00:01]} Bxg3 {[%emt 0:00:00]} 40. Kg2 {[%emt 0:00:01]} Bd6 {[%emt 0:00:01]} 41. h4 {[%emt 0:00:02]} Rd2 {[%emt 0:00:01]} 42. h5 {[%emt 0:00:00]} Rxe2+ {[%emt 0:00:00]} 43. Kh3 {[%emt 0:00:00]} Rh2# {[%emt 0:00:00] (Lag: Av=0.31s, max=0.4s) (Lag: Av=0.31s, max=0.4s) (Lag: Av=0.31s, max=0.4s)} 0-1

[Event "Stay Safe Play From Home 391"]
[Site "Emanuel Lasker Arena"]
[Date "2020.08.18"]
[Round "6"]
[White "TheCHESSHOUSE"]
[Black "Trotsky"]
[Result "1-0"]
[WhiteElo "1942"]
[BlackElo "1601"]
[PlyCount "37"]
[EventDate "2020.08.18"]
[EventType "swiss (blitz)"]

1. d4 {[%emt 0:00:03]} d5 {[%emt 0:00:01]} 2. c4 {[%emt 0:00:00]} e6 {[%emt 0:00:00]} 3. g3 {[%emt 0:00:01]} c5 {[%emt 0:00:01]} 4. Bg2 {[%emt 0:00:00]} Nc6 {[%emt 0:00:01]} 5. Nf3 {[%emt 0:00:00]} Qc7 {[%emt 0:00:04]} 6. cxd5 {[%emt 0:00:01]} exd5 {[%emt 0:00:01]} 7. dxc5 {[%emt 0:00:01]} Bxc5 {[%emt 0:00:02]} 8. Qxd5 {[%emt 0:00:02]} Bd6 {[%emt 0:00:02]} 9. O-O {[%emt 0:00:03]} Be6 {[%emt 0:00:01]} 10. Qd1 {[%emt 0:00:03]} O-O-O {[%emt 0:00:01]} 11. Qe1 {[%emt 0:00:01]} h5 {[%emt 0:00:01]} 12. h4 {[%emt 0:00:01]} Nh6 {[%emt 0:00:02]} 13. Nc3 {[%emt 0:00:02]} a6 {[%emt 0:00:02]} 14. Ne4 {[%emt 0:00:01]} Ng4 {[%emt 0:00:07]} 15. Nxd6+ {[%emt 0:00:02]} Qxd6 {[%emt 0:00:01]} 16. Bf4 {[%emt 0:00:00]} Nge5 {[%emt 0:00:04]} 17. Rc1 {[%emt 0:00:02]} Kb8 {[%emt 0:00:02]} 18. Rxc6 {[%emt 0:00:04]} b6 {[%emt 0:00:01] Trotsky Ñäàåòñÿ Trotsky Ñäàåòñÿ Trotsky Ñäàåòñÿ} 19. Rxd6 {[%emt 0:00:02] (Lag: Av=0.65s, max=0.9s) (Lag: Av=0.65s, max=0.9s) (Lag: Av=0.65s, max=0.9s)} 1-0

[Event "Stay Safe Play From Home 391"]
[Site "Emanuel Lasker Arena"]
[Date "2020.08.18"]
[Round "6"]
[White "Haris kollari 13"]
[Black "Padmaesh M K"]
[Result "0-1"]
[WhiteElo "1749"]
[BlackElo "1966"]
[Annotator "NA"]
[PlyCount "68"]
[EventDate "2020.08.18"]
[EventType "swiss (blitz)"]

1. e4 {[%emt 0:00:01]} e6 {[%emt 0:00:01]} 2. f4 {[%emt 0:00:01]} d5 {[%emt 0:00:00]} 3. e5 {[%emt 0:00:00]} c5 {[%emt 0:00:01]} 4. Nf3 {[%emt 0:00:00]} f6 {[%emt 0:00:00]} 5. b3 {[%emt 0:00:00]} fxe5 {[%emt 0:00:00]} 6. fxe5 {[%emt 0:00:01]} Ne7 {[%emt 0:00:01]} 7. c3 {[%emt 0:00:01]} Nf5 {[%emt 0:00:01]} 8. d4 {[%emt 0:00:01]} Be7 {[%emt 0:00:01]} 9. Bd3 {[%emt 0:00:02]} cxd4 {[%emt 0:00:00]} 10. cxd4 {[%emt 0:00:01]} O-O {[%emt 0:00:01]} 11. O-O {[%emt 0:00:01]} Nc6 {[%emt 0:00:01]} 12. Bb2 {[%emt 0:00:02]} Bg5 {[%emt 0:00:03]} 13. Bxf5 {[%emt 0:00:06]} Be3+ {[%emt 0:00:02]} 14. Kh1 {[%emt 0:00:01]} exf5 {[%emt 0:00:01]} 15. Qd3 {[%emt 0:00:01]} f4 {[%emt 0:00:03]} 16. Na3 {[%emt 0:00:03]} Bf5 {[%emt 0:00:02]} 17. Qe2 {[%emt 0:00:02]} Be4 {[%emt 0:00:01]} 18. Nc2 {[%emt 0:00:03]} Bxc2 {[%emt 0:00:02]} 19. Qxc2 {[%emt 0:00:02]} Qd7 {[%emt 0:00:02]} 20. Rae1 {[%emt 0:00:02]} Qg4 {[%emt 0:00:01]} 21. h3 {[%emt 0:00:03]} Qh5 {[%emt 0:00:01]} 22. Qd3 {[%emt 0:00:02]} g5 {[%emt 0:00:05]} 23. Ba3 {[%emt 0:00:01]} g4 {[%emt 0:00:03]} 24. Nh2 {[%emt 0:00:02]} gxh3 {[%emt 0:00:02]} 25. gxh3 {[%emt 0:00:05]} Qxh3 {[%emt 0:00:01]} 26. Bxf8 {[%emt 0:00:05]} Rxf8 {[%emt 0:00:03]} 27. Rf3 {[%emt 0:00:01]} Qe6 {[%emt 0:00:03]} 28. Qf1 {[%emt 0:00:01]} Kh8 {[%emt 0:00:01]} 29. Rexe3 {[%emt 0:00:01]} Rg8 {[%emt 0:00:02]} 30. Rxf4 {[%emt 0:00:02]} Qg6 {[%emt 0:00:01]} 31. Rf6 {[%emt 0:00:02]} Qg7 {[%emt 0:00:01]} 32. Ref3 {[%emt 0:00:01]} Nb4 {[%emt 0:00:01]} 33. Rf7 {[%emt 0:00:01]} Nc2 {[%emt 0:00:01]} 34. Rxg7 {[%emt 0:00:02]} Kxg7 {[%emt 0:00:00] Time Time Time (Lag: Av=0.51s, max=0.7s) (Lag: Av=0.51s, max=0.7s) (Lag: Av=0.51s, max=0.7s)} 0-1

[Event "Stay Safe Play From Home 391"]
[Site "Emanuel Lasker Arena"]
[Date "2020.08.18"]
[Round "7"]
[White "Lamborghini"]
[Black "Fischer_11"]
[Result "1-0"]
[WhiteElo "2337"]
[BlackElo "2034"]
[Annotator "NA"]
[PlyCount "61"]
[EventDate "2020.08.18"]
[EventType "swiss (blitz)"]

1. e4 {[%emt 0:00:02]} e5 {[%emt 0:00:00]} 2. Nf3 {[%emt 0:00:02]} Nc6 {[%emt 0:00:00]} 3. Bb5 {[%emt 0:00:01]} d6 {[%emt 0:00:01]} 4. d4 {[%emt 0:00:01]} exd4 {[%emt 0:00:01]} 5. Nxd4 {[%emt 0:00:01]} Bd7 {[%emt 0:00:00]} 6. Nc3 {[%emt 0:00:01]} Nxd4 {[%emt 0:00:02]} 7. Bxd7+ {[%emt 0:00:02]} Qxd7 {[%emt 0:00:00]} 8. Qxd4 {[%emt 0:00:01]} Nf6 {[%emt 0:00:02]} 9. Bf4 {[%emt 0:00:01]} a6 {[%emt 0:00:01]} 10. O-O-O {[%emt 0:00:01]} O-O-O {[%emt 0:00:00]} 11. f3 {[%emt 0:00:01]} Qc6 {[%emt 0:00:04]} 12. Rhe1 {[%emt 0:00:02]} Be7 {[%emt 0:00:01]} 13. Nd5 {[%emt 0:00:01]} Qd7 {[%emt 0:00:05]} 14. Ne3 {[%emt 0:00:04]} Kb8 {[%emt 0:00:04]} 15. Bg3 {[%emt 0:00:02]} Rhe8 {[%emt 0:00:02]} 16. Bf2 {[%emt 0:00:01]} Qc6 {[%emt 0:00:01]} 17. Nd5 {[%emt 0:00:02]} b6 {[%emt 0:00:03]} 18. Nb4 {[%emt 0:00:02]} Qb7 {[%emt 0:00:02]} 19. Qc4 {[%emt 0:00:02]} Nd7 {[%emt 0:00:00]} 20. Nxa6+ {[%emt 0:00:02]} Ka7 {[%emt 0:00:01]} 21. Nxc7 {[%emt 0:00:01]} Bf6 {[%emt 0:00:00]} 22. Nb5+ {[%emt 0:00:02]} Kb8 {[%emt 0:00:02]} 23. Nxd6 {[%emt 0:00:01]} Ne5 {[%emt 0:00:00]} 24. Nxb7 {[%emt 0:00:03]} Nxc4 {[%emt 0:00:01]} 25. Nxd8 {[%emt 0:00:02]} Rxd8 {[%emt 0:00:00]} 26. Rxd8+ {[%emt 0:00:03]} Bxd8 {[%emt 0:00:00]} 27. b3 {[%emt 0:00:01]} Nd6 {[%emt 0:00:03]} 28. Bg3 {[%emt 0:00:01]} Kc7 {[%emt 0:00:01]} 29. Rd1 {[%emt 0:00:00]} Be7 {[%emt 0:00:00]} 30. Bxd6+ {[%emt 0:00:01]} Kc6 {[%emt 0:00:00]} 31. Bxe7 {[%emt 0:00:02] Fischer_11 gibt auf Fischer_11 gibt auf Fischer_11 gibt auf (Lag: Av=0.40s, max=0.6s) (Lag: Av=0.40s, max=0.6s) (Lag: Av=0.40s, max=0.6s)} 1-0